000 01810nam a2200313Ia 4500
999 _c41338
_d41338
001 7996
003 GE_BSU
005 20221004135921.0
008 181216s2013ge xx |||||||||||||| ||geo||
020 _a9789941179464
040 _cGE_BSU
041 _ageo
080 _a1(479.22)(09) ქ-27
245 _aქართული ფილოსოფიური აზრის ისტორია :
_bIII ტომი /
_cრედ: ს. ავალიანი, მ. მახარაძე, სარედ. კოლ: ა. აფაქიძე, თ. ბუაჩიძე, გ. თევზაძე და სხვ.
250 _aმე-2 გამოცემა
264 _aთბილისი :
_bუნივერსალი,
_c2013.
300 _a458 გვ:
_c22 სმ.
501 _aშენიშვნები: გვ. 415-439. პირთა საძიებელი: გვ. 447-455.
520 _aრეზ. ინგლ.
653 _aქართული ფილოსოფიური აზრის ისტორია
653 _aფილოსოფია
700 _a ავალიანი, ს
_eრედაქტორი
_915009
700 _a მახარაძე, მ
_eრედაქტორი
_915010
700 _aაფაქიძე, თ
_eსარედაქციო კოლეგია
_915011
700 _a ბუაჩიძე, თ
_eსარედაქციო კოლეგია
_915012
700 _aთევზაძე, გ
_eსარედაქციო კოლეგია
_915013
710 _aბათუმის შოთა რუსთაველის სახელმწ. უნ-ტი, ფილოსოფიის დეპარტამენტი
_915014
942 _cBK
_2udc